000 01103cam a2200265 4500
008 000000n2000 000 0 eng u
035 _a(Sirsi) u105889
245 _aLondon Supplement
260 _c2000
490 _aProperty Week
_vSupplement May 2000(40) LOAN
520 _aSupplement on London in the light of the first elections for a London mayor. Includes articles on how the new regime may affect planning, the new Greater London Authority Building, how professional bodies and pressure groups can lobby the new assembly, US investment in commercial property, the role of the livery companies in London property, rent predictions and a borough by borough guide to planning policies, developments and prospects.
590 _aABS
650 _aMAYOR OF LONDON
650 _aPLANNING
650 0 _aGREATER LONDON AUTHORITY BUILDING
650 _aLOBBYING
650 0 _aUS INVESTORS
650 _aPROPERTY-COMMERCIAL PROPERTY
650 _aLIVERY COMPANIES
650 _aRENTS
650 _aFORECASTS
650 _aLONDON BOROUGHS
690 _aLOCAL GOVERNMENT
942 _n0
999 _c63404
_d63404